[Event "MVP-ch Seniors op 13th"]
[Site "Binz"]
[Date "2013.12.04"]
[Round "8"]
[White "Karwen, Werner"]
[Black "Hartlaub, Marianne"]
[Result "1-0"]
[WhiteElo "1498"]
[BlackElo "1355"]
[PlyCount "77"]
[EventDate "2013.11.27"]
[EventType "swiss"]
[EventRounds "9"]
[EventCountry "GER"]
[SourceTitle "EXT 2015"]
[Source "ChessBase"]
[SourceDate "2014.11.20"]
[SourceVersion "1"]
[SourceVersionDate "2014.11.20"]
[SourceQuality "1"]

1. e4 d6 2. d4 c6 3. h3 a6 4. Nf3 Nd7 5. Bd3 e5 6. d5 cxd5 7. exd5 Be7 8. Be3 b5 9. b4 Bb7 10. Be2 Ngf6 11. Nc3 Rc8 12. Bd2 Nxd5 13. Nxd5 Bxd5 14. a4 Nf6 15. axb5 axb5 16. Bxb5+ Bc6 17. Be2 0-0 18. b5 Bxf3 19. Bxf3 Rb8 20. Bc6 d5 21. 0-0 h6 22. Ra6 Ne4 23. Ba5 Qd6 24. Qxd5 Qxd5 25. Bxd5 Nf6 26. Bc6 Bc5 27. Bc7 Bd4 28. Bxb8 Rxb8 29. Ra8 Rf8 30. Rb1 Bb6 31. Rba1 g5 32. Rxf8+ Kxf8 33. Ra6 Bc5 34. b6 Ke7 35. b7 Bd6 36. Ra8 Nd7 37. Bxd7 Kxd7 38. b8Q Bxb8 39. Rxb8 1-0

[Event "MVP-ch Seniors op 13th"]
[Site "Binz"]
[Date "2013.12.01"]
[Round "5"]
[White "Karwen, Werner"]
[Black "Horch, Helmut"]
[Result "0-1"]
[WhiteElo "1498"]
[BlackElo "1697"]
[PlyCount "82"]
[EventDate "2013.11.27"]
[EventType "swiss"]
[EventRounds "9"]
[EventCountry "GER"]
[SourceTitle "EXT 2015"]
[Source "ChessBase"]
[SourceDate "2014.11.20"]
[SourceVersion "1"]
[SourceVersionDate "2014.11.20"]
[SourceQuality "1"]

1. c4 Nf6 2. Nc3 e6 3. g3 d5 4. b3 d4 5. Na4 c5 6. Bg2 Nc6 7. Nf3 Be7 8. Nb2 0-0 9. Nd3 Bd6 10. 0-0 e5 11. Ng5 Bf5 12. e4 Bg6 13. f3 h6 14. Nh3 Nh7 15. Ndf2 f5 16. d3 Bh5 17. exf5 Ne7 18. g4 Be8 19. Ne4 Nf6 20. Nhf2 Nxe4 21. Nxe4 Bc6 22. f4 Qc7 23. Nxd6 Bxg2 24. Kxg2 Qxd6 25. fxe5 Qxe5 26. Bf4 Qf6 27. Qf3 Nc6 28. Rae1 Rae8 29. Qd5+ Kh7 30. Re6 Rxe6 31. Qxe6 Nb4 32. Qe2 Qc6+ 33. Qe4 Qxe4+ 34. dxe4 Nxa2 35. e5 Nb4 36. e6 Re8 37. h4 Nc6 38. Bd6 b6 39. f6 gxf6 40. Rxf6 d3 41. Bf4 Re7 0-1

[Event "MVP-ch Seniors op 11th"]
[Site "Binz"]
[Date "2011.12.02"]
[Round "3.56"]
[White "Karwen, Werner"]
[Black "Kreie, Guenther"]
[Result "0-1"]
[WhiteElo "1466"]
[BlackElo "1756"]
[PlyCount "103"]
[EventDate "2011.11.30"]
[EventType "swiss"]
[EventRounds "9"]
[EventCountry "GER"]
[SourceTitle "EXT 2013"]
[Source "ChessBase"]
[SourceDate "2012.11.22"]
[SourceVersion "1"]
[SourceVersionDate "2012.11.22"]
[SourceQuality "1"]

1. c4 Nf6 2. Nc3 e6 3. g3 d5 4. b3 d4 5. Na4 Bd7 6. Nb2 Bc6 7. f3 Bc5 8. Nd3 Qe7 9. Nxc5 Qxc5 10. d3 0-0 11. Bg2 e5 12. Nh3 Rd8 13. Nf2 a5 14. Bd2 Qe7 15. Qc2 Nbd7 16. 0-0 b6 17. a3 b5 18. b4 bxc4 19. Qxc4 Bd5 20. Qc1 c5 21. bxa5 Qe6 22. Qd1 Rdc8 23. Rc1 Bb3 24. Qe1 c4 25. dxc4 Bxc4 26. Bb4 Nd5 27. Bh3 f5 28. g4 Ne3 29. gxf5 Qh6 30. Bg4 Nxf1 31. Qxf1 Nf6 32. Re1 Qe3 33. Kg2 h5 34. Bh3 Nd5 35. Kh1 Nf6 36. Nd1 Qf4 37. Qg1 Bd5 38. Be7 Qh6 39. Bb4 Rc2 40. Nf2 e4 41. Bg2 Rxe2 42. fxe4 Rxe1 43. Qxe1 Re8 44. a6 Ng4 45. Nxg4 hxg4 46. a7 Ba8 47. Qd1 Qf4 48. Qd2 Qxd2 49. Bxd2 Re7 50. Bb4 Rxa7 51. Kg1 Rc7 52. Kf1 0-1

[Event "Mecklenburg VP Seniors op 11th"]
[Site "Plau am See"]
[Date "2007.??.??"]
[Round "2"]
[White "Berger, Juergen"]
[Black "Karwen, Werner"]
[Result "0-1"]
[WhiteElo "1346"]
[BlackElo "1559"]
[PlyCount "56"]
[EventDate "2007.03.19"]
[EventType "swiss"]
[EventRounds "7"]
[EventCountry "GER"]
[SourceTitle "EXT 2008"]
[Source "ChessBase"]
[SourceDate "2007.11.25"]
[SourceVersion "1"]
[SourceVersionDate "2007.11.25"]
[SourceQuality "1"]

1. d4 d5 2. c4 c6 3. Nc3 Nf6 4. e3 e6 5. Bd3 dxc4 6. Bxc4 Nbd7 7. Nge2 Bd6 8. 0-0 0-0 9. Qc2 Qc7 10. g3 e5 11. f4 exd4 12. Nxd4 Nb6 13. Bd3 Bh3 14. Re1 Rae8 15. Bd2 g6 16. Nf3 Nbd5 17. Kh1 Nb4 18. Qb1 Nxd3 19. Qxd3 Rd8 20. Qc2 c5 21. Nb5 Qc6 22. e4 Qxb5 23. e5 Qc6 24. Re3 Ng4 25. Rc3 Bc7 26. Kg1 Rd7 27. Re1 Rfd8 28. Re2 c4 0-1

[Event "Mecklenburg VP Seniors op 11th"]
[Site "Plau am See"]
[Date "2007.??.??"]
[Round "3"]
[White "Karwen, Werner"]
[Black "Franke, Wilfried"]
[Result "0-1"]
[WhiteElo "1559"]
[BlackElo "1611"]
[PlyCount "74"]
[EventDate "2007.03.19"]
[EventType "swiss"]
[EventRounds "7"]
[EventCountry "GER"]
[SourceTitle "EXT 2008"]
[Source "ChessBase"]
[SourceDate "2007.11.25"]
[SourceVersion "1"]
[SourceVersionDate "2007.11.25"]
[SourceQuality "1"]

1. e4 e6 2. Nf3 d5 3. Nc3 c5 4. Bb5+ Nc6 5. Ne5 Qc7 6. Nxc6 bxc6 7. exd5 cxb5 8. Nxb5 Qb6 9. Nc3 Nf6 10. Qf3 Bb7 11. Qe2 Nxd5 12. Nxd5 Bxd5 13. 0-0 Bd6 14. d3 0-0 15. b3 Qc7 16. h3 Qb7 17. f3 e5 18. Bb2 f6 19. a4 Rae8 20. Qd2 Be6 21. a5 a6 22. h4 Rd8 23. Qf2 Qc7 24. Bc1 f5 25. f4 exf4 26. Bxf4 Bxf4 27. Qxf4 Qxf4 28. Rxf4 Rd5 29. b4 Rd4 30. Rxd4 cxd4 31. Rc1 Rc8 32. Kf2 Bb3 33. Ke2 Rxc2+ 34. Rxc2 Bxc2 35. g3 Bb3 36. Kf3 Kf7 37. Kf4 Ke6 0-1

[Event "Mecklenburg VP-ch Seniors op 06th"]
[Site "Plau am See"]
[Date "2006.10.09"]
[Round "6"]
[White "Fritsch, Juergen"]
[Black "Karwen, Werner"]
[Result "1-0"]
[WhiteElo "1786"]
[BlackElo "1559"]
[PlyCount "43"]
[EventDate "2006.10.04"]
[EventType "swiss"]
[EventRounds "9"]
[EventCountry "GER"]
[SourceTitle "EXT 2022"]
[Source "ChessBase"]
[SourceDate "2021.10.06"]
[SourceVersion "1"]
[SourceVersionDate "2021.10.06"]
[SourceQuality "1"]

1. e4 e5 2. Nf3 Nf6 3. Nxe5 d6 4. Nf3 Nxe4 5. Nc3 Nxc3 6. dxc3 Be7 7. Bd3 Nc6 8. 0-0 Bg4 9. h3 Bh5 10. Be4 Qd7 11. Qd5 Bg6 12. Re1 0-0-0 13. Be3 Kb8 14. Rad1 Rhe8 15. Bd4 Bxe4 16. Qxe4 g6 17. Qd5 f6 18. Re6 f5 19. Rde1 h6 20. Qc4 g5 21. g4 fxg4 22. hxg4 1-0

[Event "Mecklenburg VP LL2 0506"]
[Site "Mecklenburg VP"]
[Date "2005.12.11"]
[Round "4.5"]
[White "Voll, Andreas"]
[Black "Karwen, Werner"]
[Result "1-0"]
[WhiteElo "1916"]
[BlackElo "1564"]
[PlyCount "102"]
[EventDate "2005.10.23"]
[EventType "team"]
[EventRounds "9"]
[EventCountry "GER"]
[SourceTitle "EXT 2009"]
[Source "ChessBase"]
[SourceDate "2008.11.26"]
[SourceVersion "1"]
[SourceVersionDate "2008.11.26"]
[SourceQuality "1"]
[WhiteTeam "Schwerin SV Einheit"]
[BlackTeam "Schwerin III"]
[WhiteTeamCountry "GER"]
[BlackTeamCountry "GER"]

1. e4 d5 2. exd5 Qxd5 3. Nc3 Qa5 4. d4 Nf6 5. Nf3 Bf5 6. Bd2 c6 7. Be2 Nbd7 8. 0-0 h6 9. Re1 e6 10. Ne4 Qc7 11. Ng3 Bh7 12. c4 Bd6 13. Rc1 Bxg3 14. hxg3 0-0 15. Bf4 Qa5 16. Qb3 Qb6 17. Qa3 Rfe8 18. Rc3 Qd8 19. Ne5 g5 20. Nxd7 Qxd7 21. Be3 e5 22. dxe5 Rxe5 23. Rcc1 Ree8 24. Rcd1 Qc7 25. Rd6 Re6 26. Rxe6 fxe6 27. Rd1 Kf7 28. Qc3 Qe7 29. Qa5 b6 30. Bxb6 Rb8 31. Bc5 Qb7 32. b3 Ne4 33. Be3 a6 34. Qe5 Rg8 35. Bf3 Nf6 36. Rd6 Qe7 37. Rxc6 Rd8 38. Rxa6 g4 39. Be2 Bf5 40. Bc5 Qe8 41. Bd4 Qh8 42. Ra7+ Kg6 43. Bc3 h5 44. Qc7 Qg8 45. Qe5 Qh8 46. Qf4 Qf8 47. Bd2 Ne4 48. Be3 Re8 49. Qc7 Qg8 50. f3 gxf3 51. gxf3 Nf6 1-0

[Event "Mecklenburg VP-ch Seniors op"]
[Site "Waren"]
[Date "2002.??.??"]
[Round "6"]
[White "Hinkelmann, Dieter"]
[Black "Karwen, Werner"]
[Result "1-0"]
[WhiteElo "1513"]
[BlackElo "1381"]
[PlyCount "89"]
[EventDate "2002.??.??"]
[EventType "swiss"]
[EventRounds "7"]
[EventCountry "GER"]
[SourceTitle "EXT 2022"]
[Source "ChessBase"]
[SourceDate "2021.10.06"]
[SourceVersion "1"]
[SourceVersionDate "2021.10.06"]
[SourceQuality "1"]

1. e4 c6 2. d4 d5 3. Nc3 dxe4 4. Nxe4 Bf5 5. Ng3 Bg6 6. h4 h5 7. Nf3 Nd7 8. Bd3 Bxd3 9. Qxd3 Ngf6 10. Bd2 e6 11. 0-0-0 Bd6 12. Qe2 Qc7 13. Nf5 0-0-0 14. Nxd6+ Qxd6 15. g3 Rhe8 16. Bf4 Qd5 17. Rd3 b6 18. Re1 Kb7 19. Ne5 Rf8 20. f3 b5 21. Qd2 Nb6 22. b3 Rc8 23. Qb4 Qd8 24. Rc3 Nfd5 25. Qc5 Nxc3 26. Qxc3 Nd5 27. Qd2 Nxf4 28. Qxf4 Qa5 29. Nd3 Qxa2 30. Nc5+ Ka8 31. Kd2 Qa5+ 32. c3 Qc7 33. Re5 g6 34. Qe3 Rfe8 35. Qe1 Rcd8 36. f4 Qa5 37. Ke3 Rd5 38. Qd2 Rxe5+ 39. fxe5 Qc7 40. Ne4 a5 41. Kf2 Kb7 42. Nd6+ Kb6 43. Nxe8 Qe7 44. Nd6 f6 45. Nc8+ 1-0

[Event "Mecklenburg VP-ch Seniors op"]
[Site "Waren"]
[Date "2002.??.??"]
[Round "1"]
[White "Klingenberg, Dietrich"]
[Black "Karwen, Werner"]
[Result "1-0"]
[WhiteElo "1685"]
[BlackElo "1381"]
[PlyCount "49"]
[EventDate "2002.??.??"]
[EventType "swiss"]
[EventRounds "7"]
[EventCountry "GER"]
[SourceTitle "EXT 2022"]
[Source "ChessBase"]
[SourceDate "2021.10.06"]
[SourceVersion "1"]
[SourceVersionDate "2021.10.06"]
[SourceQuality "1"]

1. e4 c6 2. d4 d5 3. exd5 cxd5 4. c4 e6 5. c5 Nf6 6. b4 Be7 7. Nf3 0-0 8. Bd3 h6 9. 0-0 Bd7 10. Nbd2 Qc7 11. Bb2 Re8 12. Ne5 Bc8 13. f4 b6 14. a3 Nfd7 15. Qh5 Rf8 16. Rf3 Nxe5 17. fxe5 f5 18. exf6 Bxf6 19. Qg6 Nd7 20. Raf1 Bb7 21. Rg3 bxc5 22. dxc5 e5 23. Bf5 Rad8 24. Qxh6 Kf7 25. Rxg7+ 1-0